|
|
|
|
| LEADER |
00000nab a2200000 a 4500 |
| 001 |
vtls009490467 |
| 003 |
SK-MaSNL |
| 005 |
20260318140619.0 |
| 008 |
090406c2008 xo wr p 000 c0ukr |
| 015 |
|
|
|a SNBRB2009/04
|
| 038 |
|
|
|a SVKPOCL
|
| 040 |
|
|
|a SVKPOCL
|b slo
|c SVKPOCL
|e AACR2
|
| 041 |
0 |
|
|a ukr
|
| 044 |
|
|
|a xo
|c SK
|
| 080 |
|
|
|a 323.25/.26:329.18
|2 2001
|
| 080 |
|
|
|a 329.18
|2 2001
|
| 080 |
|
|
|a 929 Bodnár, Viktor
|2 2001
|
| 080 |
|
|
|a 070.4-051
|2 2001
|
| 100 |
1 |
|
|a Čavargová, Anna,
|d 1937-
|4 aut
|9 651752
|
| 245 |
1 |
0 |
|a Pam`jati vojiha-frontovyka
|c Hanna Čavarha ; Znimky: Marcel Bodnar
|
| 300 |
|
|
|b Fotogr.
|
| 600 |
1 |
7 |
|a Bodnár, Viktor, 1922-1990
|x pamätné tabule
|x odhálenie
|2 svkpocl
|9 1128270
|
| 648 |
|
7 |
|a 8.5.2008
|2 svkpocl
|9 1128271
|
| 650 |
0 |
7 |
|a protifašistický odboj
|x účastníci
|2 svkpocl
|9 1128272
|
| 650 |
0 |
7 |
|a pamätné tabule
|2 svkpocl
|9 29445
|
| 650 |
0 |
7 |
|a publicisti
|2 svkpocl
|9 63929
|
| 650 |
0 |
7 |
|a rodisko
|2 SNKPH
|9 172657
|
| 651 |
|
7 |
|a Ubľa (Slovensko)
|2 svkpocl
|9 51153
|
| 651 |
|
7 |
|a Snina (Slovensko : okres)
|2 svkpocl
|9 56337
|
| 700 |
1 |
|
|a Bodnár, Marcel
|4 pht
|9 1128273
|
| 773 |
0 |
|
|t Nove žyttja
|g Roč. 58, č. 21-22 (2008), s. 6, 8
|
| 852 |
|
|
|a SVKPO
|b KIS3GCP
|
| 958 |
|
|
|a UK
|
| 958 |
|
|
|a SK
|
| 958 |
|
|
|a RN
|
| 958 |
|
|
|a BX
|
| 999 |
|
|
|c 1897413
|d 1899343
|